APPLIED SOCIOLOGY AND PSYCHOLOGY FOR NURSES (Record no. 3019)

MARC details
000 -LEADER
fixed length control field 00416nam a2200157Ia 4500
008 - FIXED-LENGTH DATA ELEMENTS--GENERAL INFORMATION
fixed length control field 220606s9999 xx 000 0 und d
020 ## - INTERNATIONAL STANDARD BOOK NUMBER
International Standard Book Number 9789354655098
041 ## - LANGUAGE CODE
Language code of text/sound track or separate title eng
082 ## - DEWEY DECIMAL CLASSIFICATION NUMBER
Classification number 618.73
100 ## - MAIN ENTRY--PERSONAL NAME
Personal name SHIV SHANKAR TYAGI
9 (RLIN) 128949
245 ## - TITLE STATEMENT
Title APPLIED SOCIOLOGY AND PSYCHOLOGY FOR NURSES
250 ## - EDITION STATEMENT
Edition statement FIRST
260 ## - PUBLICATION, DISTRIBUTION, ETC. (IMPRINT)
Place of publication, distribution, etc. NAGPUR
Name of publisher, distributor, etc. "JAYPEE PUBLICATION,NAGPUR"
Date of publication, distribution, etc. 2022
300 ## - PHYSICAL DESCRIPTION
Extent 392
650 ## - SUBJECT ADDED ENTRY--TOPICAL TERM
Topical term or geographic name as entry element SOCIOLOGY
9 (RLIN) 128950
Holdings
Withdrawn status Lost status Damaged status Not for loan Home library Current library Date acquired Cost, normal purchase price Total Checkouts Full call number Barcode Checked out Date last seen Date last checked out Bill Date Koha item type Source of classification or shelving scheme Vendor Total Renewals Cost, replacement price Original Barcode
        Sitabai Nargundkar College of Nursing Nagpur Sitabai Nargundkar College of Nursing Nagpur 26/05/2022 650.00 11 618.73 SNCN-DB-3 15/04/2026 20/03/2026 20/03/2026 06/06/2022 Donated Book          
        Sitabai Nargundkar College of Nursing Nagpur Sitabai Nargundkar College of Nursing Nagpur 27/02/2023 595.00 7 618.73/TYA SNCN-CB-18   27/11/2024 12/11/2024 27/02/2023 Compact Books Dewey Decimal Classification Complimentary copy by Jaypee Brothers Medical Publishers Pvt. Ltd. 2 595.00  
        Sitabai Nargundkar College of Nursing Nagpur Sitabai Nargundkar College of Nursing Nagpur 20/05/2023 371.88 14 610.730/TYA SNCN-BK-3208   08/05/2026 20/03/2026 20/05/2023 Books Dewey Decimal Classification 102   595.00 3208
        Sitabai Nargundkar College of Nursing Nagpur Sitabai Nargundkar College of Nursing Nagpur 20/05/2023 371.88 7 610.730/TYA SNCN-BK-3207   02/01/2026 20/12/2025 20/05/2023 Books Dewey Decimal Classification 102 1 595.00 3207
        Sitabai Nargundkar College of Nursing Nagpur Sitabai Nargundkar College of Nursing Nagpur 20/05/2023 371.88 12 610.730/TYA SNCN-BK-3216 24/04/2026 30/03/2026 30/03/2026 20/05/2023 Books Dewey Decimal Classification 102 1 595.00 3216
        Sitabai Nargundkar College of Nursing Nagpur Sitabai Nargundkar College of Nursing Nagpur 20/05/2023 371.88 5 610.730/TYA SNCN-BK-3220 15/04/2026 20/03/2026 20/03/2026 20/05/2023 Books Dewey Decimal Classification 102   595.00 3220
        Sitabai Nargundkar College of Nursing Nagpur Sitabai Nargundkar College of Nursing Nagpur 20/05/2023 371.88 5 610.730/TYA SNCN-BK-3218   05/10/2024 30/09/2024 20/05/2023 Books Dewey Decimal Classification 102   595.00 3218
        Sitabai Nargundkar College of Nursing Nagpur Sitabai Nargundkar College of Nursing Nagpur 20/05/2023 371.88 5 610.730/TYA SNCN-BK-3219 17/04/2026 23/03/2026 23/03/2026 20/05/2023 Books Dewey Decimal Classification 102   595.00 3219
        Sitabai Nargundkar College of Nursing Nagpur Sitabai Nargundkar College of Nursing Nagpur 20/05/2023 371.88 9 610.730/TYA SNCN-BK-3209 13/04/2026 17/03/2026 17/03/2026 20/05/2023 Books Dewey Decimal Classification 102 3 595.00 3209
        Sitabai Nargundkar College of Nursing Nagpur Sitabai Nargundkar College of Nursing Nagpur 20/05/2023 371.88 10 610.730/TYA SNCN-BK-3214   31/12/2024 30/12/2024 20/05/2023 Books Dewey Decimal Classification 102 1 595.00 3214
        Sitabai Nargundkar College of Nursing Nagpur Sitabai Nargundkar College of Nursing Nagpur 20/05/2023 371.88 5 610.730/TYA SNCN-BK-3206   02/02/2026 22/12/2025 20/05/2023 Books Dewey Decimal Classification 102 1 595.00 3206
        Sitabai Nargundkar College of Nursing Nagpur Sitabai Nargundkar College of Nursing Nagpur 20/05/2023 371.88 4 610.730/TYA SNCN-BK-3211 08/05/2025 23/04/2025 23/04/2025 20/05/2023 Books Dewey Decimal Classification 102   595.00 3211
        Sitabai Nargundkar College of Nursing Nagpur Sitabai Nargundkar College of Nursing Nagpur 20/05/2023 371.88 4 610.730/TYA SNCN-BK-3213 07/05/2025 22/04/2025 22/04/2025 20/05/2023 Books Dewey Decimal Classification 102   595.00 3213
        Sitabai Nargundkar College of Nursing Nagpur Sitabai Nargundkar College of Nursing Nagpur 20/05/2023 371.88 6 610.730/TYA SNCN-BK-3222 20/04/2026 25/03/2026 25/03/2026 20/05/2023 Books Dewey Decimal Classification 102   595.00 3222
        Sitabai Nargundkar College of Nursing Nagpur Sitabai Nargundkar College of Nursing Nagpur 20/05/2023 371.88 3 610.730/TYA SNCN-BK-3205 15/04/2026 20/03/2026 20/03/2026 20/05/2023 Books Dewey Decimal Classification 102   595.00 3205
        Sitabai Nargundkar College of Nursing Nagpur Sitabai Nargundkar College of Nursing Nagpur 20/05/2023 371.88 9 610.730/TYA SNCN-BK-3221 20/04/2026 25/03/2026 25/03/2026 20/05/2023 Books Dewey Decimal Classification 102 1 595.00 3221
        Sitabai Nargundkar College of Nursing Nagpur Sitabai Nargundkar College of Nursing Nagpur 20/05/2023 371.88 7 610.730/TYA SNCN-BK-3212 15/04/2026 20/03/2026 20/03/2026 20/05/2023 Books Dewey Decimal Classification 102   595.00 3212
        Sitabai Nargundkar College of Nursing Nagpur Sitabai Nargundkar College of Nursing Nagpur 20/05/2023 371.88 7 610.730/TYA SNCN-BK-3217   19/03/2025 07/03/2025 20/05/2023 Books Dewey Decimal Classification 102   595.00 3217
        Sitabai Nargundkar College of Nursing Nagpur Sitabai Nargundkar College of Nursing Nagpur 20/05/2023 371.88 5 610.730/TYA SNCN-BK-3215 13/04/2026 18/03/2026 18/03/2026 20/05/2023 Books Dewey Decimal Classification 102   595.00 3215
        Sitabai Nargundkar College of Nursing Nagpur Sitabai Nargundkar College of Nursing Nagpur 20/05/2023 371.88 4 610.730/TYA SNCN-BK-3210 24/04/2026 30/03/2026 30/03/2026 20/05/2023 Books Dewey Decimal Classification 102 1 595.00 3210